1689 1367 1080 1537 1190 1318 1551 1517 1723 1695 1265 1612 1992 1095 1206 1070 1980 1356 1330 1555 1921 1672 1446 1317 1796 1736 1009 1754 1796 1232 1099 1898 1742 1140 1147 1594 1569 1539 1454 1183 1868 1310 1266 1878 1913 1064 1414 1091 1215 1228 1928 1430 1086 1511 1826 1790 1613 1571 1163 1942 1560 1088 1968 1129 1411 1545 1178 1835 1945 1806 1039 1464 1695 1531 1484 1934 1479 1017 1201 1630 1503 1952 1149 1947 1131 1865 1347 1823 1364 1900 1827 1893 1855 1753 1055 1669 1557 1239 1407 BCNSPRNW ULIB Ver.6.0+V

เปลี่ยนเป็นภาษาไทย

Change to English
 แสดงรายละเอียดบรรณานุกรม
  กลับหน้าหลัก

Brief Record : Get Marc (ISO 2709) : E-mail record : QR code < ปิดหน้าต่าง
LEADER : 00000nam 2200000uu 4500
001    13399108320
003     ULIB
008    110301s2543||||th 000 0 tha d
020    9746125435
041    tha
060 04 WY157^bศ213ค 2543
100 0  ศรีนวล โอสถเสถียร
245 10 คู่มือจุดเน้นทางการพยาบาลแม่-เด็กและการผดุงครรภ์ /^cโดยศรีนวล โอสถเสถียร
250    พิมพ์ครั้งที่ 1
260    กรุงเทพฯ :^bวีเจ พริ้นติ้ง,^c2543
300    0237 หน้า :^bภาพประกอบ ;^c21 ซม.
650  7 การพยาบาลสูติศาสตร์^xคู่มือ
650  7 อนามัยแม่และเด็ก^xการพยาบาล^xคู่มือ
650  7 ครรภ์^xการพยาบาล^xคู่มือ
650  7 ครรภ์, การบำรุงรักษา^xคู่มือ
650  7 การคลอด^xการพยาบาล^xคู่มือ
945    ^p150^l0^i012534
945    ^p150^l0^i012535
945    ^p150^l0^i012536
945    ^p150^l0^i012537
945    ^p150^l0^i012538
945    ^p150^l0^i013355
945    ^p150^l0^i013390
999 เก ษร
รายการนี้ยังไม่มีแท็ก
คุณยังไม่ได้ล็อกอิน คุณสามารถมีกิจกรรมร่วมกับเว็บไซต์ได้ แต่ต้องล็อกอินก่อน ::
  ล็อกอิน

รายการสื่อสารสนเทศ

ลำดับที่ ประเภท เลขเรียก/บาร์โค้ด สถานที่ สถานะ
- ไม่พบข้อมูล -

รายการใกล้เคียง
    ผู้แต่ง [ศรีนวล โอสถเสถียร]

BibComment


ยังไม่เคยถูกคอมเมนท์

คอมเมนท์ทรัพยากรรายการนี้
  คอมเมนท์: คู่มือจุดเน้นทางก..


 Copyright 2026. Bcnsprnw @Library